[Event "Moscow Open A 2016"]
[Site "Moscow RUS"]
[Date "2016.02.02"]
[Round "4.50"]
[White "Pirverdiyev, Agil"]
[Black "Triapishko, Olexandr"]
[Result "0-1"]
[WhiteElo "2311"]
[BlackElo "2471"]
[WhiteFideId "13400568"]
[BlackFideId "14122286"]
[EventDate "2016.01.30"]

1. Nf3 d5 2. g3 Bg4 3. Bg2 Nd7 4. c4 e6 5. cxd5 exd5 6. O-O Ngf6 7. Nc3 c6 8. h3
Bxf3 9. Bxf3 d4 10. Ne4 Nxe4 11. Bxe4 Be7 12. Qc2 Nc5 13. d3 Nxe4 14. dxe4 O-O
15. Rd1 Qb6 16. Bf4 c5 17. h4 Rac8 18. e3 Qe6 19. exd4 cxd4 20. Qb3 Qxb3 21.
axb3 Bc5 22. Be5 Rfd8 23. Rac1 Bb6 24. Rxc8 Rxc8 25. Rd2 Rd8 26. Rd3 Re8 27. f4
f6 28. Bd6 Rxe4 29. Kf2 Kf7 30. f5 g6 31. fxg6+ hxg6 32. Bf4 f5 33. Rd1 Ke6 34.
Kf3 Kd5 35. Rh1 Bd8 36. Rc1 Re6 37. Rc8 Bf6 38. b4 Be5 39. Rc5+ Kd6 40. Rc4 Bxf4
41. Rxd4+ Ke5 42. Rxf4 b5 43. Ke3 Rd6 44. Ke2 a6 45. Rf3 Rd4 46. Ra3 Rxb4 47.
Rxa6 Rxb2+ 48. Kf3 Rb3+ 49. Kg2 Rb2+ 50. Kf3 f4 51. g4 Rb3+ 52. Kf2 Rb2+ 53. Kf3
Rb3+ 54. Kf2 b4 55. Rxg6 Rb2+ 56. Kf3 Rb3+ 57. Kf2 Rb1 58. Rg8 b3 59. Re8+ Kd5
60. Rd8+ Ke6 61. Re8+ Kd7 62. Rb8 b2 63. g5 Rh1 64. g6 b1=Q 65. Rxb1 Rxb1 66. g7
Rb8 67. h5 Ke7 68. h6 Kf7 69. Kf3 Kg6 0-1

[Event "Moscow Open A 2016"]
[Site "Moscow RUS"]
[Date "2016.02.02"]
[Round "4.51"]
[White "Popov, Kirill"]
[Black "Dvalishvili, Pavel S."]
[Result "1/2-1/2"]
[WhiteTitle "FM"]
[BlackTitle "IM"]
[WhiteElo "2305"]
[BlackElo "2445"]
[WhiteFideId "24157457"]
[BlackFideId "4121996"]
[EventDate "2016.01.30"]

1. e4 e5 2. Nf3 Nc6 3. d4 exd4 4. Nxd4 Bc5 5. Be3 Bb6 6. Nf5 Bxe3 7. Nxe3 Nf6 8.
Nc3 O-O 9. Qd2 Re8 10. f3 d6 11. O-O-O Ne5 12. Be2 a6 13. g4 b5 14. Rhg1 b4 15.
Ncd5 Nxd5 16. Nxd5 a5 17. g5 Bb7 18. Ne3 Ba6 19. h4 Bxe2 20. Qxe2 Qc8 21. Nd5 c6
22. Nf6+ gxf6 23. gxf6+ Ng6 24. h5 Qe6 25. Qd2 Qxf6 26. hxg6 hxg6 27. Qxd6 Kg7
28. Qxf6+ Kxf6 29. Rd7 Rad8 30. Rgd1 Rxd7 31. Rxd7 Re7 32. Rd6+ Re6 33. Rd7 Re7
34. Rd6+ Re6 35. Rd7 Re7 36. Rd6+ 1/2-1/2

[Event "Moscow Open A 2016"]
[Site "Moscow RUS"]
[Date "2016.02.02"]
[Round "4.52"]
[White "Ajrapetian, Gevorg"]
[Black "Derevianchenko, Ilia"]
[Result "1-0"]
[WhiteTitle "IM"]
[WhiteElo "2442"]
[BlackElo "2316"]
[WhiteFideId "4174232"]
[BlackFideId "14104709"]
[EventDate "2016.01.30"]

1. e4 c6 2. d4 d5 3. e5 Bf5 4. Nc3 e6 5. g4 Bg6 6. Nge2 f6 7. h4 Nd7 8. h5 Bf7
9. f4 c5 10. Be3 Ne7 11. exf6 gxf6 12. dxc5 e5 13. fxe5 fxe5 14. Bg5 Qa5 15. a3
Qxc5 16. Ng3 h6 17. Bh4 Rg8 18. Qf3 Be6 19. Nf5 e4 20. Qf4 Nxf5 21. gxf5 Bd6 22.
Qxh6 Bxf5 23. O-O-O d4 24. Nxe4 Bf8 25. Qf4 Rg4 26. Qxg4 Bxg4 27. Nxc5 Bh6+ 28.
Kb1 Bxd1 29. Nxd7 Bf3 30. Rh3 1-0

[Event "Moscow Open A 2016"]
[Site "Moscow RUS"]
[Date "2016.02.02"]
[Round "4.53"]
[White "Schekachikhin, Maksim"]
[Black "Tsydypov, Zhamsaran"]
[Result "0-1"]
[WhiteTitle "FM"]
[BlackTitle "FM"]
[WhiteElo "2285"]
[BlackElo "2420"]
[WhiteFideId "24177830"]
[BlackFideId "4108566"]
[EventDate "2016.01.30"]

1. d4 Nf6 2. c4 e6 3. Nc3 Bb4 4. Qc2 O-O 5. Nf3 d5 6. cxd5 exd5 7. Bg5 h6 8. Bh4
c5 9. dxc5 Nc6 10. e3 d4 11. O-O-O Bg4 12. Bxf6 Qxf6 13. Nd5 Qe6 14. e4 Rac8 15.
Kb1 Rfe8 16. Bb5 Ba5 17. h3 Bf5 18. exf5 Qxd5 19. a3 Bb6 20. Bxc6 Qxc6 21. Rxd4
Qb5 22. Rc4 Rxc5 23. Rxc5 Bxc5 24. Re1 Rxe1+ 25. Nxe1 Bxa3 26. Nd3 Bd6 27. g4
Qd5 28. Qd1 Qg2 29. h4 Be7 30. h5 Bf6 31. Qe2 Kh7 32. Kc2 b5 33. Ne1 Qg1 34. f4
a5 35. Nf3 Qc5+ 36. Kb1 b4 37. Nd2 a4 38. Ne4 Qg1+ 39. Kc2 b3+ 40. Kd2 Qd4+ 41.
Ke1 Bh4+ 42. Kf1 a3 43. g5 hxg5 44. fxg5 a2 45. g6+ fxg6 46. hxg6+ Kh6 0-1

[Event "Moscow Open A 2016"]
[Site "Moscow RUS"]
[Date "2016.02.02"]
[Round "4.54"]
[White "Kozionov, Kirill"]
[Black "Gurvich, Vitaly"]
[Result "1-0"]
[WhiteTitle "IM"]
[BlackTitle "FM"]
[WhiteElo "2416"]
[BlackElo "2308"]
[WhiteFideId "24101729"]
[BlackFideId "24164852"]
[EventDate "2016.01.30"]

1. b3 e5 2. Bb2 Nc6 3. e3 d5 4. Bb5 Bd6 5. Nf3 f6 6. c4 a6 7. Ba4 Ne7 8. Nc3 O-O
9. Bxc6 bxc6 10. d3 f5 11. Ne2 e4 12. Ne5 Qe8 13. h4 Be6 14. h5 Rd8 15. Nf4 Bf7
16. Qc2 c5 17. dxe4 fxe4 18. Nxf7 Qxf7 19. Nxd5 Nxd5 20. cxd5 Qxd5 21. Rd1 Qe6
22. h6 Be5 23. hxg7 Rxd1+ 24. Qxd1 Bxg7 25. Bxg7 Kxg7 26. Qh5 Qf5 27. Qxf5 Rxf5
28. Rh4 Re5 29. Kd2 c4 30. b4 c5 31. bxc5 Rxc5 32. Rxe4 Ra5 33. Rxc4 Rxa2+ 34.
Rc2 Ra1 35. e4 a5 36. Ke3 a4 37. Kf4 a3 38. Rc7+ Kg6 39. Rc6+ Kf7 40. Ra6 Ra2
41. Ke3 h5 42. g3 Ra1 43. Kf4 Ra2 44. f3 Ra1 45. Kf5 a2 46. Ra7+ Ke8 47. f4 Kf8
48. e5 Ke8 49. Kg6 Kf8 50. Kf6 Kg8 51. e6 h4 52. e7 Re1 53. Rxa2 1-0

[Event "Moscow Open A 2016"]
[Site "Moscow RUS"]
[Date "2016.02.02"]
[Round "4.55"]
[White "Mashkov, Sergey"]
[Black "Khegay, Dmitriy"]
[Result "0-1"]
[WhiteTitle "FM"]
[BlackTitle "FM"]
[WhiteElo "2301"]
[BlackElo "2416"]
[WhiteFideId "24102067"]
[BlackFideId "24153729"]
[EventDate "2016.01.30"]

1. e4 e6 2. d4 d5 3. Nc3 Bb4 4. e5 Ne7 5. a3 Bxc3+ 6. bxc3 b6 7. Qg4 Ng6 8. Bd3
Ba6 9. h4 Bxd3 10. cxd3 h5 11. Qd1 Nc6 12. Bg5 f6 13. exf6 gxf6 14. Bd2 Qe7 15.
g4 hxg4 16. Qxg4 O-O-O 17. h5 Rdg8 18. Nh3 Nf8 19. Qf3 Qh7 20. h6 Nd7 21. Kf1 e5
22. dxe5 Ndxe5 23. Qxd5 Rd8 24. Qe6+ Kb7 25. Nf4 Nxd3 26. Qe2 Rhe8 27. Qf3 Ne5
28. Qe2 Ng6 29. Qg4 Nxf4 30. Bxf4 Qd3+ 31. Kg2 Rg8 0-1

[Event "Moscow Open A 2016"]
[Site "Moscow RUS"]
[Date "2016.02.02"]
[Round "4.56"]
[White "Kukhmazov, Arsen"]
[Black "Erzhanov, Arman"]
[Result "1-0"]
[WhiteTitle "IM"]
[BlackTitle "FM"]
[WhiteElo "2414"]
[BlackElo "2304"]
[WhiteFideId "24108260"]
[BlackFideId "4138821"]
[EventDate "2016.01.30"]

1. d4 d6 2. Nf3 g6 3. c4 Bg7 4. Nc3 Bg4 5. e3 Nf6 6. h3 Bf5 7. g4 Bd7 8. Bg2 O-O
9. O-O Nc6 10. e4 e5 11. d5 Ne7 12. Be3 h6 13. c5 g5 14. Qb3 b6 15. c6 Bc8 16.
a4 a6 17. Nd2 Ng6 18. Nc4 Nf4 19. a5 b5 20. Nb6 Rb8 21. Nxc8 Qxc8 22. f3 Re8 23.
Kf2 Nh7 24. Rh1 Qd8 25. Bf1 Nf8 26. Qd1 N8g6 27. Nxb5 axb5 28. a6 Ne7 29. a7 Ra8
30. Bxb5 Nc8 31. Qa4 Qf6 32. Bc4 Ng6 33. Qa5 Qd8 34. Qa6 Nb6 35. Bxb6 cxb6 36.
Qb7 b5 37. Bxb5 Re7 38. Kg3 h5 39. Rhc1 h4+ 40. Kh2 Rc7 41. Bf1 Kh7 42. Qb6 Ne7
43. Ba6 Raxa7 44. b4 Nxd5 45. exd5 e4 46. Ra2 Be5+ 47. Kh1 Qf6 48. Qe3 exf3 49.
Rf1 Bf4 50. Qxf3 Kg7 51. Qd3 Re7 52. b5 Ra8 53. Rc2 Rae8 54. Qc3 Qxc3 55. Rxc3
Re2 56. b6 Rh2+ 57. Kg1 Ra2 58. c7 Rxa6 59. b7 Ra2 60. c8=Q Ree2 61. Rc2 1-0

[Event "Moscow Open A 2016"]
[Site "Moscow RUS"]
[Date "2016.02.02"]
[Round "4.57"]
[White "Vorontsov, Pavlo"]
[Black "Tarasov, Oleg"]
[Result "1-0"]
[WhiteTitle "IM"]
[WhiteElo "2395"]
[BlackElo "2219"]
[WhiteFideId "14116367"]
[BlackFideId "4162870"]
[EventDate "2016.01.30"]

1. d4 d5 2. c4 c6 3. Nc3 Nf6 4. Nf3 dxc4 5. a4 Bf5 6. Nh4 Bg4 7. h3 Bh5 8. g4
Bg6 9. e3 e6 10. Bxc4 Bb4 11. Bd2 Nbd7 12. Nxg6 hxg6 13. Qf3 a5 14. Rd1 Qe7 15.
e4 e5 16. d5 Nc5 17. d6 Qxd6 18. g5 Qd4 19. Ba2 Qd3 20. Qxd3 Nxd3+ 21. Ke2 Nxb2
22. gxf6 Nxd1 23. Nxd1 gxf6 24. Be3 O-O 25. Nb2 b5 26. Nd3 Bc3 27. h4 Kg7 28. h5
g5 29. Rc1 b4 30. Nc5 Rh8 31. Rh1 Rhd8 32. Nb7 Rd7 33. Nc5 Rc7 34. Bc4 Rd8 35.
Nb3 c5 36. Bd5 Bd4 37. Nxa5 Bxe3 38. Kxe3 c4 39. Rc1 c3 40. Nb3 f5 41. a5 c2 42.
a6 fxe4 43. h6+ Kg6 44. Bxe4+ f5 45. Rxc2 Rxc2 46. Bxc2 e4 47. Nc5 Rd5 48. Nb3
Rd6 49. Nc5 Rd5 50. a7 Rd8 51. Nd7 Ra8 52. Ne5+ Kxh6 53. Nc6 Kg6 54. Bb3 Kf6 55.
Bd5 Kg7 56. Kd4 Kf6 57. Kc5 g4 58. Kxb4 Kg5 59. Kc3 Kf4 60. Kd2 g3 61. fxg3+
Kxg3 62. Ke1 Kg2 63. Ke2 Kg3 64. Kf1 Kh2 65. Kf2 Kh3 66. Be6 Kg4 67. Ke3 Kg5 68.
Bd5 Rh8 69. Nb8 Rh3+ 70. Kf2 Ra3 71. a8=Q Rxa8 72. Bxa8 Kf6 73. Ke3 Ke5 74. Nc6+
Kd5 75. Nd4+ Ke5 76. Ne2 f4+ 77. Nxf4 Kf5 78. Bxe4+ Kf6 79. Kd4 Kf7 80. Ke5 Kg7
81. Ne6+ Kg8 82. Kf6 Kh8 83. Ng5 Kg8 84. Nf7 Kf8 85. Bh7 Ke8 86. Ne5 Kd8 87. Ke6
Kc7 88. Nd7 Kc6 89. Bd3 Kc7 90. Bb5 Kd8 91. Nb6 1-0

[Event "Moscow Open A 2016"]
[Site "Moscow RUS"]
[Date "2016.02.02"]
[Round "4.58"]
[White "Klepikov, Nikita"]
[Black "Petrosian, Davit G."]
[Result "0-1"]
[BlackTitle "GM"]
[WhiteElo "2273"]
[BlackElo "2394"]
[WhiteFideId "24145220"]
[BlackFideId "13301349"]
[EventDate "2016.01.30"]

1. e4 e6 2. d3 d5 3. Nd2 Nf6 4. Ngf3 b6 5. g3 dxe4 6. Nxe4 Nxe4 7. dxe4 Qxd1+ 8.
Kxd1 Bc5 9. Bf4 Bb7 10. Bb5+ Ke7 11. Re1 Bxf2 12. Rf1 Bc5 13. Bd3 Rc8 14. c3 a5
15. Kc2 Nd7 16. Rab1 h6 17. h4 Ke8 18. Ne5 Nxe5 19. Bxe5 f6 20. Bf4 e5 21. Bd2
Rd8 22. Rbe1 Ke7 23. g4 Rd6 24. Bc1 Rad8 25. Bc4 Bc6 26. a3 b5 27. Bb3 a4 28.
Ba2 Rd3 29. g5 hxg5 30. hxg5 Rd1 31. gxf6+ gxf6 32. b4 axb3+ 33. Kxb3 Rxe1 34.
Rxe1 Ra8 35. Bb1 Be8 36. Bd3 c6 37. Bb2 Ra4 38. c4 Bf7 39. Rc1 Bd4 40. Bxd4 exd4
41. Rc2 Bxc4+ 42. Bxc4 Rxc4 43. Rxc4 bxc4+ 44. Kxc4 c5 0-1

[Event "Moscow Open A 2016"]
[Site "Moscow RUS"]
[Date "2016.02.02"]
[Round "4.59"]
[White "Yogesh, Gautam"]
[Black "Kazakovskiy, Valeriy"]
[Result "1-0"]
[BlackTitle "IM"]
[WhiteElo "2269"]
[BlackElo "2387"]
[WhiteFideId "5009324"]
[BlackFideId "13507443"]
[EventDate "2016.01.30"]

1. e4 e5 2. Nf3 Nc6 3. d4 exd4 4. Nxd4 Bc5 5. Nb3 Bb6 6. a4 a6 7. Nc3 Nf6 8. Bg5
h6 9. Bh4 d6 10. Bd3 Ba7 11. Bg3 Be6 12. Qd2 Qe7 13. O-O-O O-O-O 14. Rhe1 Qd7
15. Kb1 Nd4 16. Nxd4 Bxd4 17. Bb5 axb5 18. Qxd4 bxa4 19. e5 c5 20. Qxa4 Qxa4 21.
Nxa4 dxe5 22. Nxc5 Rxd1+ 23. Rxd1 e4 24. Rd4 Bd5 25. Ra4 b6 26. Rb4 Nd7 27. Nxd7
Kxd7 28. Rxb6 Ba8 29. c4 Rc8 30. Rb8 Rxb8 31. Bxb8 g5 32. Kc2 f5 33. g3 Bc6 34.
Kc3 Ke6 35. Kd4 Ba4 36. h4 Bb3 37. hxg5 hxg5 38. Bc7 Kd7 39. Ba5 f4 40. gxf4
gxf4 41. Kxe4 Bxc4 42. Kxf4 Ke6 43. b4 Bd3 44. Ke3 Bf1 45. Kd4 Bg2 46. f4 Bf3
47. Bc7 Kd7 48. Be5 Ke6 49. Kc5 Kd7 50. f5 Bg2 51. Bg3 Be4 52. f6 Ke6 53. Bh4
Bd3 54. b5 Be2 55. Kc6 1-0

[Event "Moscow Open A 2016"]
[Site "Moscow RUS"]
[Date "2016.02.02"]
[Round "4.60"]
[White "Babarykin, Stanislav"]
[Black "Kalinin, Nikita"]
[Result "1-0"]
[WhiteTitle "FM"]
[WhiteElo "2384"]
[BlackElo "2200"]
[WhiteFideId "4101898"]
[BlackFideId "24155390"]
[EventDate "2016.01.30"]

1. e4 e5 2. Nc3 Nf6 3. Bc4 Bc5 4. f4 d6 5. Nf3 O-O 6. d3 Ng4 7. Qe2 Bf2+ 8. Kf1
Bb6 9. h3 Nf6 10. f5 Nh5 11. Qe1 h6 12. Nd5 c6 13. Nxb6 Qxb6 14. Qh4 d5 15. Bb3
dxe4 16. dxe4 Nf6 17. Bxh6 c5 18. Qg3 Ne8 19. Bxg7 1-0

[Event "Moscow Open A 2016"]
[Site "Moscow RUS"]
[Date "2016.02.02"]
[Round "4.61"]
[White "Yeletsky, Ivan"]
[Black "Tran, Minh Thang"]
[Result "1-0"]
[WhiteTitle "FM"]
[BlackTitle "FM"]
[WhiteElo "2373"]
[BlackElo "2156"]
[WhiteFideId "24180327"]
[BlackFideId "12401080"]
[EventDate "2016.01.30"]

1. d4 Nf6 2. c4 g6 3. Nc3 d5 4. Nf3 Bg7 5. cxd5 Nxd5 6. e4 Nxc3 7. bxc3 c5 8.
Rb1 O-O 9. Be2 cxd4 10. cxd4 Qa5+ 11. Bd2 Qxa2 12. O-O b6 13. Bb5 Bb7 14. Re1
Rc8 15. Ba4 Nc6 16. Bb3 Qa3 17. Ra1 Qd6 18. e5 Qd8 19. Bxf7+ Kxf7 20. Ng5+ Ke8
21. Qf3 Nxe5 22. Qxb7 Qd7 23. Qe4 Nc6 24. Qh4 h5 25. Ne6 Bf6 26. Qg3 Kf7 27. Qb3
Qd6 28. Ng5+ Ke8 29. Ne4 Qxd4 30. Bc3 Na5 31. Qb5+ 1-0

[Event "Moscow Open A 2016"]
[Site "Moscow RUS"]
[Date "2016.02.02"]
[Round "4.62"]
[White "Ovchinnikov, Vsevolod"]
[Black "Vdovin, Vadim"]
[Result "1-0"]
[WhiteTitle "FM"]
[BlackTitle "FM"]
[WhiteElo "2248"]
[BlackElo "2361"]
[WhiteFideId "24176842"]
[BlackFideId "24107158"]
[EventDate "2016.01.30"]

1. Nf3 Nf6 2. g3 g6 3. b3 Bg7 4. Bb2 O-O 5. Bg2 d6 6. d4 Nc6 7. O-O e5 8. dxe5
Ng4 9. c4 Ngxe5 10. Nc3 Re8 11. Nxe5 Nxe5 12. Qd2 Rb8 13. Rad1 Bf5 14. Nd5 a6
15. Bc3 Be6 16. Qb2 c6 17. Nf4 Qe7 18. c5 Qf6 19. cxd6 Nf3+ 20. Bxf3 Qxc3 21.
Qxc3 Bxc3 22. d7 Rf8 23. Nxe6 fxe6 24. Bg4 e5 25. Rd6 Kg7 26. Rfd1 Rbd8 27. Re6
Rf6 28. Re8 Rf8 29. Rd3 Bb2 30. h4 Kf7 31. Rf3+ 1-0

[Event "Moscow Open A 2016"]
[Site "Moscow RUS"]
[Date "2016.02.02"]
[Round "4.63"]
[White "Ahmadzada, Ahmad"]
[Black "Asadli, Vugar"]
[Result "1/2-1/2"]
[WhiteTitle "CM"]
[BlackTitle "FM"]
[WhiteElo "2203"]
[BlackElo "2357"]
[WhiteFideId "13413007"]
[BlackFideId "13405764"]
[EventDate "2016.01.30"]

1. e4 c5 2. Nf3 e6 3. d4 cxd4 4. Nxd4 a6 5. c4 Qc7 6. Nc3 Nf6 7. f3 Be7 8. Be2
O-O 9. O-O d6 10. Be3 b6 11. a4 Nbd7 12. Qd2 Bb7 13. a5 bxa5 14. Nb3 Rab8 15.
Nxa5 Ba8 16. Na4 d5 17. cxd5 Bb4 18. Qd3 exd5 19. Nb3 dxe4 20. fxe4 Bxe4 21. Qc4
Qxc4 22. Bxc4 Bd6 23. Nbc5 Nxc5 24. Bxc5 Bxc5+ 25. Nxc5 Rxb2 26. Nxe4 Nxe4 27.
Rxa6 g6 28. Ra7 Nd6 29. Bd5 Rd2 30. Bb3 Nf5 31. Rf2 Rxf2 32. Kxf2 h5 33. Bd5 Kg7
34. Ra8 Rxa8 35. Bxa8 Kf6 36. Bd5 Nd6 37. g3 Ke5 38. Bb3 g5 39. Bd1 g4 40. Bb3
Ne4+ 41. Kg2 Ng5 42. Ba4 Ke4 43. Be8 Kf5 44. Bd7+ Kg6 45. Be8 Nh3 46. Bc6 Kg5
47. Be8 f5 48. Bd7 f4 49. gxf4+ Kxf4 50. Be8 h4 51. Bd7 Ng5 52. Bc8 Nf3 53. Bd7
Nd4 54. Bc8 Nf5 55. Bxf5 Kxf5 56. h3 g3 57. Kf3 Kg5 58. Ke3 Kf5 59. Kf3 Ke5 60.
Ke3 Kd5 61. Kf3 Kd4 62. Ke2 Ke4 63. Kf1 Kf3 64. Kg1 Ke2 65. Kg2 Ke3 66. Kg1 Kf3 1/2-1/2

[Event "Moscow Open A 2016"]
[Site "Moscow RUS"]
[Date "2016.02.02"]
[Round "4.64"]
[White "Kovtunenko, Alexandr"]
[Black "Chos, Alexey"]
[Result "1-0"]
[BlackTitle "IM"]
[WhiteElo "2158"]
[BlackElo "2348"]
[WhiteFideId "4144597"]
[BlackFideId "14117762"]
[EventDate "2016.01.30"]

1. e4 c5 2. Nf3 d6 3. d4 cxd4 4. Nxd4 Nf6 5. Nc3 a6 6. Bg5 e6 7. f4 Qb6 8. Qd3
Qxb2 9. Rb1 Qa3 10. f5 Nc6 11. fxe6 fxe6 12. Nxc6 bxc6 13. Be2 Qa5 14. Bd2 Qc7
15. g4 Be7 16. g5 Nd7 17. O-O Ne5 18. Qh3 g6 19. Na4 Rb8 20. Ba5 Qxa5 21. Rxb8
Qc7 22. Qb3 Bd8 23. Ra8 a5 24. Rf6 Nf7 25. Bg4 O-O 26. Rf1 d5 27. h4 Be7 28. Qe3
d4 29. Qf4 Bd6 30. Qf6 Be7 31. Qf4 Bd6 32. Qf6 Be5 33. Qf3 Bg7 34. Nc5 Nd8 35.
Nxe6 Bxe6 36. Rxd8 Qxd8 37. Bxe6+ Kh8 38. Qb3 Re8 39. Rf7 Qd6 40. Bd7 Rb8 41.
Qf3 c5 42. Kg2 c4 43. h5 Qe5 44. Qg4 gxh5 45. Qf5 d3 46. cxd3 Rb2+ 47. Kf3 Qd6
48. e5 Qc5 49. d4 Qa3+ 50. Ke4 Rb8 51. Rxg7 Qd3+ 52. Kd5 Qxf5 53. Bxf5 Kxg7 54.
Kxc4 Rb2 55. d5 Kf7 56. d6 Re2 57. Kd5 Rxa2 58. e6+ Ke8 59. Bxh7 Re2 60. Bg6+
Kd8 61. Bxh5 Re1 62. e7+ Rxe7 63. dxe7+ Kxe7 64. Kc5 Ke6 65. Kb5 Kf5 66. g6 Kf6
67. Kxa5 1-0

[Event "Moscow Open A 2016"]
[Site "Moscow RUS"]
[Date "2016.02.02"]
[Round "4.65"]
[White "Tekeyev, Zaur"]
[Black "Loginov, Anton"]
[Result "1-0"]
[WhiteTitle "FM"]
[WhiteElo "2347"]
[BlackElo "2149"]
[WhiteFideId "4199731"]
[BlackFideId "4125134"]
[EventDate "2016.01.30"]

1. e4 c5 2. Nf3 d6 3. Bb5+ Nc6 4. O-O Bd7 5. Re1 g6 6. c3 a6 7. Bxc6 Bxc6 8. d4
Bg7 9. d5 Bd7 10. e5 Bg4 11. e6 Bxf3 12. exf7+ Kxf7 13. Qxf3+ Nf6 14. a4 b5 15.
g4 h6 16. h4 Kg8 17. g5 hxg5 18. hxg5 Nd7 19. Qe4 Nf8 20. Qxe7 Qc8 21. Qe4 Qh3
22. Qg2 Qf5 23. Nd2 b4 24. cxb4 cxb4 25. Ne4 Be5 26. f4 Bxf4 27. Nf6+ Kf7 28.
Bxf4 Qxf4 29. Re4 Qf5 30. Rf1 1-0

[Event "Moscow Open A 2016"]
[Site "Moscow RUS"]
[Date "2016.02.02"]
[Round "4.66"]
[White "Lomasov, Semen"]
[Black "Kharchenko, Alexey"]
[Result "1-0"]
[WhiteTitle "FM"]
[WhiteElo "2344"]
[BlackElo "2136"]
[WhiteFideId "24164879"]
[BlackFideId "24183296"]
[EventDate "2016.01.30"]

1. e4 c5 2. Nf3 g6 3. d4 cxd4 4. Nxd4 Nc6 5. Nc3 Bg7 6. Be3 Nf6 7. Bc4 O-O 8.
Bb3 d6 9. f3 Bd7 10. Qd2 Nxd4 11. Bxd4 b5 12. a4 bxa4 13. Bxa4 Bxa4 14. Rxa4 Qd7
15. O-O Rfb8 16. b3 Rb7 17. Rfa1 h5 18. Nd1 Qc7 19. Ne3 e5 20. Rc4 Qe7 21. Bb2
Bh6 22. Qd3 Rc7 23. Rxc7 Bxe3+ 24. Qxe3 Qxc7 25. c4 Nd7 26. Rd1 Rb8 27. Ba3 Nc5
28. Bxc5 Qxc5 29. Qxc5 dxc5 30. Rd5 f6 31. Rxc5 Rxb3 32. Rc8+ Kf7 33. Rc7+ Ke6
34. Rxa7 Rc3 35. Ra6+ Ke7 36. Ra7+ Ke6 37. h4 f5 38. Ra6+ Kf7 39. exf5 gxf5 40.
Rc6 Rc2 41. Rc5 Kf6 42. Kh2 Rc1 43. Kg3 Rh1 44. Rc6+ Kf7 45. Rh6 f4+ 46. Kf2
Rxh4 47. Kg1 Ke7 48. c5 Kd7 49. Rd6+ Kc7 50. Re6 Kd7 51. Rxe5 Kc6 52. Rf5 Kb5
53. Kf2 Kc6 54. Rg5 Rh1 55. Ke2 h4 56. Kd3 Rg1 57. Rh5 Rxg2 58. Ke4 h3 59. Rxh3
Kxc5 60. Rh6 Rg8 61. Rf6 Re8+ 62. Kxf4 Kd5 63. Kf5 Re5+ 64. Kg4 Re1 65. f4 Rf1
66. Kf5 Rf2 67. Ra6 Rf1 68. Kg5 Ke4 69. Re6+ Kf3 70. f5 Rg1+ 71. Kh6 Kf4 72. f6
Kf5 73. f7 Rh1+ 74. Kg7 Rg1+ 75. Kh7 Kxe6 76. f8=Q Rh1+ 77. Kg6 Rg1+ 78. Kh5
Rh1+ 79. Kg4 Rg1+ 80. Kh3 Rg6 81. Qe8+ Kf5 82. Qf7+ Kg5 83. Kg3 Kh5+ 84. Kf4 Kh6
85. Qe7 Rg7 86. Qf6+ Kh7 87. Kf5 Rg1 88. Qh4+ Kg8 89. Qc4+ Kh7 90. Qd3 Rg6 91.
Qe3 Rg7 92. Qe2 Rf7+ 93. Ke6 Rg7 94. Qh5+ Kg8 95. Kf6 Ra7 96. Qg4+ Kh7 97. Qh3+
Kg8 98. Qg3+ 1-0

[Event "Moscow Open A 2016"]
[Site "Moscow RUS"]
[Date "2016.02.02"]
[Round "4.67"]
[White "Belenkaya, Dina"]
[Black "Anchutin, Nikita"]
[Result "0-1"]
[WhiteTitle "WFM"]
[WhiteElo "2343"]
[BlackElo "2098"]
[WhiteFideId "24142654"]
[BlackFideId "34129895"]
[EventDate "2016.01.30"]

1. e4 c5 2. Nf3 d6 3. Bb5+ Nd7 4. O-O Nf6 5. Re1 a6 6. Bf1 b6 7. d4 cxd4 8. Nxd4
Bb7 9. c4 e6 10. Nc3 Be7 11. f3 O-O 12. Be3 Rc8 13. Rc1 Re8 14. Qd2 Qc7 15. Kh1
Qb8 16. Bg1 Bd8 17. a3 Bc7 18. Rc2 Qa8 19. b4 Bb8 20. Nb3 h6 21. Rd1 Red8 22.
Na4 Bc7 23. Qc1 Bc6 24. Nc3 Kh8 25. a4 Bb7 26. a5 bxa5 27. Nxa5 Bxa5 28. bxa5 d5
29. exd5 exd5 30. cxd5 Nxd5 31. Nxd5 Bxd5 32. Rxc8 Rxc8 33. Qd2 Be6 34. Bd4 Kg8
35. Bb2 Rc6 36. Qd4 Nf6 37. Bd3 Qf8 38. Qf4 Bb3 39. Re1 Qd6 40. Qe3 Bc2 41. Bxc2
Rxc2 42. Bd4 Ra2 43. Bb6 Qb4 44. Rd1 Qc4 45. h3 Nd5 46. Qe8+ Kh7 47. Bd4 Qc2 48.
Rg1 Qg6 49. Qe5 Rxa5 50. f4 Rb5 51. f5 Qg5 52. Re1 Nf6 53. Qd6 Ng4 54. Qxa6 Rxf5 0-1

[Event "Moscow Open A 2016"]
[Site "Moscow RUS"]
[Date "2016.02.02"]
[Round "4.68"]
[White "Rozhkov, Viacheslav"]
[Black "Skatchkov, Valery"]
[Result "1/2-1/2"]
[WhiteTitle "FM"]
[WhiteElo "2339"]
[BlackElo "2068"]
[WhiteFideId "4181484"]
[BlackFideId "24195812"]
[EventDate "2016.01.30"]

1. e4 c5 2. Nf3 Nc6 3. d4 cxd4 4. Nxd4 g6 5. Nc3 Bg7 6. Be3 Nf6 7. f3 O-O 8. Bc4
Qb6 9. a3 Ng4 10. fxg4 Bxd4 11. Nd5 Qc5 12. Bxd4 Nxd4 13. Nxe7+ Kg7 14. Qd3
Nxc2+ 15. Qxc2 Qxe7 16. O-O Qc5+ 17. Rf2 d6 18. b4 Qe5 19. Raf1 f6 20. h3 Bd7
21. Bd5 Rac8 22. Qd2 Bc6 23. Bxc6 bxc6 24. Rd1 Rfd8 25. Rf3 Rd7 26. Rd3 Rcd8 27.
Rd4 Kf7 28. Qc2 Qb5 29. a4 Qb6 30. Kh1 Ke7 31. g5 fxg5 32. Qd2 h6 33. h4 Kf6 34.
e5+ Kg7 35. exd6 c5 36. a5 Qb5 37. bxc5 Qxc5 38. Rd5 Qc4 39. hxg5 Qh4+ 40. Kg1
hxg5 41. Qc3+ Kh7 42. g3 Qe4 43. R5d4 Qf5 44. Kg2 Rf7 45. Qe3 Kg8 46. Rd5 Qf6
47. a6 g4 48. R5d4 Qf3+ 49. Qxf3 gxf3+ 50. Kf2 Rf6 51. g4 g5 52. Rd5 Kf7 53.
Rxg5 Rdxd6 54. Rxd6 Rxd6 55. Ra5 Rg6 56. Kxf3 Rc6 57. Kf4 Rb6 58. Ke5 Kg6 59.
Ra4 Rb5+ 60. Kd6 Rb6+ 61. Kc7 Kg5 1/2-1/2

[Event "Moscow Open A 2016"]
[Site "Moscow RUS"]
[Date "2016.02.02"]
[Round "4.69"]
[White "Trubchaninov, Timur"]
[Black "Maximov, Oleg"]
[Result "1/2-1/2"]
[WhiteElo "2144"]
[BlackElo "2333"]
[WhiteFideId "24176931"]
[BlackFideId "4176960"]
[EventDate "2016.01.30"]

1. e4 c5 2. Nf3 g6 3. c3 Bg7 4. d4 cxd4 5. cxd4 d5 6. exd5 Nf6 7. Bb5+ Nbd7 8.
Nc3 O-O 9. O-O Nb6 10. Qb3 Nbxd5 11. Re1 a6 12. Bf1 b5 13. Bd2 Bb7 14. Na4 bxa4
15. Qxb7 Qd6 16. Ne5 Rfb8 17. Qc6 Qxc6 18. Nxc6 Rxb2 19. Ba5 e6 20. Re2 a3 21.
Rxb2 axb2 22. Rb1 Rc8 23. Nb4 Nxb4 24. Bxb4 Nd5 25. Rxb2 Bxd4 26. Rd2 e5 27. Bd6
f6 28. g3 a5 29. Kg2 Kg7 30. Ba3 Rb8 31. Rc2 f5 32. Rc6 Rb7 33. Bc4 Nb4 34. Rc8
h5 35. Ra8 Rc7 36. Bb3 Bb6 37. Bb2 Nd3 38. Ba3 Ra7 39. Rg8+ Kh7 40. Rc8 h4 41.
Bc4 h3+ 42. Kf1 Nb4 43. f4 Bd4 44. fxe5 Bxe5 45. Re8 Bf6 46. Rf8 Bc3 47. Bxb4
axb4 48. Rf7+ Rxf7 49. Bxf7 Bd4 50. g4 1/2-1/2